| 000 | 00000nam##2200000za#4500 |
| 001 | 9.568343 |
| 003 | CaOODSP |
| 005 | 20240215150447 |
| 007 | cr ||||||||||| |
| 008 | 150406|2001||||xxc|||||o f|0| 0 eng|d |
| 040 | |aCaOODSP|beng |
| 043 | |an-cn--- |
| 086 | 1 |aPS83-3/112E-PDF |
| 110 | 2 |aCorrectional Service Canada. |
| 245 | 10|aTurning points : |h[electronic resource]|ba study of the factors related to the successful reintegration of Aboriginal offenders / |cprepared by Doug Heckbert and Douglas Turkington. |
| 260 | |bCorrectional Service Canada |cSeptember 2001. |
| 300 | |a74p.|bgraphs, references, tables |
| 490 | 1 |aResearch report|v[R-112] |
| 590 | |a10-14-Supp|b2010-12-03 |
| 720 | 1 |aHeckbert, Doug |
| 720 | 1 |aTurkington, Douglas |
| 775 | 08|tPoints tournants : |w(CaOODSP)9.599627 |
| 830 | #0|aResearch report (Correctional Service Canada. Research Branch)|v[R-112]|w(CaOODSP)9.506063 |
| 856 | 40|ahttp://publications.gc.ca|qPDF|s251 KB|uhttps://publications.gc.ca/collections/collection_2010/scc-csc/PS83-3-112-eng.pdf|y[R-112] |